Využitie ganetických algoritmov pri riešení kvadratického priraďovacieho problému diplomová práca

Gespeichert in:
Bibliographische Detailangaben
1. Verfasser: Danko, Miroslav
Körperschaft: Fakulta hospodárskej informatiky EU. Katedra operačného výskumu a ekonometrie
Weitere Verfasser: Brezina, Ivan, 1963-
Format: Buch
Sprache:Slowakisch
Veröffentlicht: Bratislava 2008
Tags: Tag hinzufügen
Keine Tags, Fügen Sie das erste Tag hinzu!

MARC

LEADER 00000nam$a2200000$$$4500
001 0083816
005 20240201120752.3
041 0 |a slo 
044 |a SK 
245 1 0 |a Využitie ganetických algoritmov pri riešení kvadratického priraďovacieho problému  |b diplomová práca  |c Miroslav Danko ; škol. Ivan Brezina 
264 1 |a Bratislava  |c 2008 
300 |a 60 s. 
100 1 |a Danko, Miroslav 
700 1 |a Brezina, Ivan, 1963- 
710 2 |a Fakulta hospodárskej informatiky EU. Katedra operačného výskumu a ekonometrie